Liptov

Gespeichert in:
Bibliographische Detailangaben
Format: Buch
Sprache:Slowakisch
Veröffentlicht: Bratislava : Turservis, 1993
Schlagworte:
Tags: Tag hinzufügen
Keine Tags, Fügen Sie das erste Tag hinzu!

MARC

LEADER 00000nam a22000003a 4500
001 stu12293
005 20150408162555.0
008 951225s1993----xo------------------slo-d
040 |a STU  |b slo 
041 0 |a slo 
044 |a xo 
245 |a Liptov 
260 |a Bratislava :  |b Turservis,  |c 1993 
300 |a 137 s 
650 7 |a ostatné mestá  |2 stusub 
650 7 |a Liptov  |2 stusub 
996 |b 284AB00447  |c A*372 B  |l AAKNAR  |s A  |a 24  |w stu12293_0001